000 nam a22 7a 4500
999 _c10750
_d10750
008 180223b ||||| |||| 00| 0 eng d
100 _aChugh,RK.
_96598
245 _aDigitech-1
260 _aNew Delhi
_bG.Ram Books
_c2013